Models for decision / (Record no. 43885)
[ view plain ]
| 000 -LEADER | |
|---|---|
| fixed length control field | 01161nam a2200289 a 4500 |
| 001 - CONTROL NUMBER | |
| control field | 43885 |
| 003 - CONTROL NUMBER IDENTIFIER | |
| rucl marc code | BD-RjUL |
| 005 - DATE AND TIME OF LATEST TRANSACTION | |
| control field | 20211209053751.0 |
| 008 - FIXED-LENGTH DATA ELEMENTS--GENERAL INFORMATION | |
| fixed length control field | 160628s1965 enka 100 0 eng |
| 035 ## - SYSTEM CONTROL NUMBER | |
| System control number | (BD-RjUL)44003 |
| 040 ## - CATALOGING SOURCE | |
| Modifying agency | UPvMRC |
| -- | BD-RjUL |
| Original cataloging agency | BD-RjUL |
| Language of cataloging | eng |
| Transcribing agency | BD-RjUL |
| 041 ## - LANGUAGE CODE | |
| Language code of text/sound track or separate title | eng |
| 082 ## - DEWEY DECIMAL CLASSIFICATION NUMBER | |
| Classification number | 658.5 |
| Edition number | 23 |
| Author mark and year | MOD 1965 |
| 090 ## - LOCALLY ASSIGNED LC-TYPE CALL NUMBER (OCLC); LOCAL CALL NUMBER (OCLC) | |
| Classification number (OCLC) (R) ; Classification number, CALL (RLIN) (NR) | HD38 |
| Local cutter number (OCLC) ; Book number/undivided call number, CALL (RLIN) | .C76 1964 |
| 245 10 - TITLE STATEMENT | |
| Title | Models for decision / |
| Statement of responsibility, etc. | edited by C.M. Berners-Lee |
| 260 ## - PUBLICATION, DISTRIBUTION, ETC. (IMPRINT) | |
| Place of publication, distribution, etc. | London : |
| Name of publisher, distributor, etc. | English Universities Press, |
| Date of publication, distribution, etc. | c1965 |
| 300 ## - PHYSICAL DESCRIPTION | |
| Pagination | x, 149 p. : |
| Illustrations | ill. ; |
| Size | 23 cm. |
| 500 ## - GENERAL NOTE | |
| General note | "A conference under the auspices of the United Kingdom Automation Council organised by the British Computer Society and the Operational Research Society." Held Oct. 13-14, 1964 at the Institute of Electrical Engineers, London. |
| 650 #0 - SUBJECT ADDED ENTRY--TOPICAL TERM | |
| Topical term or geographic name as entry element | Electronic data processing. |
| 9 (RLIN) | 134851 |
| Topical term or geographic name as entry element | Public administration |
| General subdivision | Automation. |
| 9 (RLIN) | 134852 |
| 700 1# - ADDED ENTRY--PERSONAL NAME | |
| Personal name | Berners-Lee, C. M., |
| Relator term | editor. |
| 710 2# - ADDED ENTRY--CORPORATE NAME | |
| Corporate name or jurisdiction name as entry element | British Computer Society. |
| 9 (RLIN) | 134854 |
| Corporate name or jurisdiction name as entry element | Operational Research Society (Great Britain) |
| 9 (RLIN) | 134855 |
| Corporate name or jurisdiction name as entry element | Institution of Electrical Engineers. |
| 9 (RLIN) | 134856 |
| 942 ## - ADDED ENTRY ELEMENTS (KOHA) | |
| Source of classification or shelving scheme | Dewey Decimal Classification |
| Koha item type | Books |
| Lost status | Source of classification or shelving scheme | Damaged status | Not for loan | Collection code | Permanent Location | Current Location | Shelving location | Date acquired | Source of acquisition | Cost, normal purchase price | Total Checkouts | Full call number | Date last seen | Copy number | Koha item type |
|---|---|---|---|---|---|---|---|---|---|---|---|---|---|---|---|
| Dewey Decimal Classification | Non-fiction | Central Library, University of Rajshahi | Central Library, University of Rajshahi | 24/06/1973 | Mitali prokason | 2.50 | 658.5 MOD 1965 | 28/06/2016 | C-2 | Books |